Riconosci le Bandiere sbagliate - Quiz n°12 - Statistics

Statistiche generali
  • Questo quiz è stato fatto 6 volte
  • Il punteggio medio è 23 su 30
Statistiche sulle risposte
Domanda Casella Select % Corretto
tutte le bandiere sbagliate No
100%
tutte le bandiere sbagliate No
100%
tutte le bandiere sbagliate No
100%
tutte le bandiere sbagliate
100%
tutte le bandiere sbagliate No
100%
tutte le bandiere sbagliate No
100%
tutte le bandiere sbagliate No
100%
tutte le bandiere sbagliate
100%
tutte le bandiere sbagliate
100%
tutte le bandiere sbagliate No
100%
tutte le bandiere sbagliate No
100%
tutte le bandiere sbagliate No
100%
tutte le bandiere sbagliate
100%
tutte le bandiere sbagliate No
100%
tutte le bandiere sbagliate No
100%
tutte le bandiere sbagliate No
100%
tutte le bandiere sbagliate
80%
tutte le bandiere sbagliate
80%
tutte le bandiere sbagliate No
80%
tutte le bandiere sbagliate
60%
tutte le bandiere sbagliate
60%
tutte le bandiere sbagliate No
60%
tutte le bandiere sbagliate No
60%
tutte le bandiere sbagliate
60%
tutte le bandiere sbagliate
40%
tutte le bandiere sbagliate No
40%
tutte le bandiere sbagliate
40%
tutte le bandiere sbagliate
20%
tutte le bandiere sbagliate
20%
tutte le bandiere sbagliate
0%
Nessun quiz corrispondente trovato
Distribuzione punteggi
Percentuale di utenti per punteggio
Percentile per numero di risposta
I tuoi punteggi nel tempo
Non hai fatto questo quiz